[Event "Team B15 chess final 2018"]
[Site "Sochi"]
[Date "2018.05.01"]
[Round "1.1"]
[White "Grachev, Alexey"]
[Black "Kirushin, Ivan"]
[Result "1-0"]
[WhiteElo "2220"]
[BlackElo "1800"]
[PlyCount "59"]
[EventDate "2018.05.01"]
[BlackTeam "Ð¡Ð¨ÐžÐ  "]

1. e4 e5 2. Nf3 Nc6 3. Nc3 Nf6 4. Bb5 Bb4 5. O-O O-O 6. d3 d6 7. Ne2 Ne7 8. c3
c6 9. Ba4 Ba5 10. Bc2 c5 11. h3 Ng6 12. d4 h6 13. Ng3 b5 14. Be3 Qc7 15. Rc1
Ba6 16. Bd3 Rab8 17. b4 exd4 18. Nxd4 cxd4 19. cxd4 Qd8 20. bxa5 Qxa5 21. Qe2
Bc8 22. f4 Re8 23. Qf2 b4 24. e5 Nd5 25. f5 Nf8 26. Nh5 Nxe3 27. Qg3 Nxf5 28.
Bxf5 Ng6 29. Bxg6 fxg6 30. Qxg6 1-0

[Event "Team B15 chess final 2018"]
[Site "Sochi"]
[Date "2018.05.01"]
[Round "1.2"]
[White "Smelykh, Edvin"]
[Black "Ponomarev, Grigori"]
[Result "0-1"]
[WhiteElo "1937"]
[BlackElo "2225"]
[PlyCount "104"]
[EventDate "2018.05.01"]
[WhiteTeam "Ð¡Ð¨ÐžÐ  "]

1. e4 e5 2. Nf3 Nf6 3. Nxe5 d6 4. Nf3 Nxe4 5. Nc3 Nxc3 6. dxc3 Be7 7. Bc4 O-O
8. Be3 Nc6 9. Qd2 Ne5 10. Nxe5 dxe5 11. O-O-O Qxd2+ 12. Rxd2 Bf5 13. Rhd1 a6
14. Bb3 Rad8 15. Rd5 Rxd5 16. Bxd5 c6 17. Bb3 Rd8 18. Rxd8+ Bxd8 19. Bc5 Be4
20. f3 Bd5 21. c4 Be6 22. Bd6 f6 23. c5 Bxb3 24. axb3 Kf7 25. b4 Ke6 26. Kd2 f5
27. Kd3 b5 28. b3 Kd5 29. c4+ Ke6 30. Bb8 Bh4 31. g3 Bg5 32. f4 e4+ 33. Ke3 Bf6
34. Bc7 Bc3 35. Ba5 Kd7 36. Ke2 Bd4 37. Bb6 g6 38. Kf1 h6 39. h4 Bc3 40. Ba5
Bf6 41. Ke2 g5 42. hxg5 hxg5 43. Ke3 gxf4+ 44. gxf4 Bb2 45. Kd2 Bd4 46. Bb6 Ke6
47. Ke2 Kf6 48. Kf1 Bc3 49. cxb5 axb5 50. Bc7 Bxb4 51. Bd6 Ke6 52. Ke2 Kd5 0-1

[Event "Team B15 chess final 2018"]
[Site "Sochi"]
[Date "2018.05.01"]
[Round "1.3"]
[White "Minachev, Maksim"]
[Black "Fridman, Roman A"]
[Result "1-0"]
[WhiteElo "2026"]
[BlackElo "1735"]
[PlyCount "75"]
[EventDate "2018.05.01"]
[BlackTeam "Ð¡Ð¨ÐžÐ  "]

1. e4 e5 2. Nf3 Nc6 3. Nc3 Nf6 4. Be2 Bd6 5. O-O O-O 6. d3 Re8 7. Bg5 Be7 8.
Qd2 d6 9. Bxf6 Bxf6 10. Nd5 Be6 11. c4 Nd4 12. Nxd4 exd4 13. Nxf6+ Qxf6 14. f4
Bd7 15. Bf3 Bc6 16. Rae1 Qg6 17. g4 f6 18. Qf2 h5 19. f5 Qg5 20. h4 Qh6 21.
gxh5 Re5 22. Qxd4 Be8 23. Qe3 Qxe3+ 24. Rxe3 Kh7 25. Rfe1 c5 26. Rd1 Bf7 27. b3
Rae8 28. Kf2 Kh6 29. d4 R5e7 30. dxc5 dxc5 31. Kg3 Bxh5 32. Bxh5 Kxh5 33. Kf4
b6 34. a4 g5+ 35. hxg5 fxg5+ 36. Kf3 Kh6 37. Rd6+ Kh5 38. Re1 1-0

[Event "Team B15 chess final 2018"]
[Site "Sochi"]
[Date "2018.05.01"]
[Round "1.4"]
[White "Sukiasian, Anait"]
[Black "Babakekhyan, Artem"]
[Result "0-1"]
[WhiteElo "1721"]
[BlackElo "2042"]
[PlyCount "116"]
[EventDate "2018.05.01"]
[WhiteTeam "Ð¡Ð¨ÐžÐ  "]

1. d4 Nf6 2. c4 g6 3. Nc3 d5 4. Bg5 Ne4 5. Bf4 Nxc3 6. bxc3 Bg7 7. e3 O-O 8.
Nf3 c5 9. Be2 Qa5 10. Qd2 dxc4 11. Bxc4 Nc6 12. Rd1 Bg4 13. Be2 Rfd8 14. h3
Bxf3 15. Bxf3 e5 16. Bg5 Rd7 17. O-O h6 18. Bh4 cxd4 19. cxd4 Qxd2 20. Rxd2
exd4 21. Bxc6 bxc6 22. exd4 Rxd4 23. Rxd4 Bxd4 24. Rc1 c5 25. Kf1 Rb8 26. Be7
Rb2 27. f3 Rf2+ 28. Ke1 Rxg2 29. Rc4 Rxa2 30. Bxc5 Bxc5 31. Rxc5 a5 32. Rc8+
Kg7 33. Ra8 g5 34. Ra6 a4 35. Ra5 a3 36. Ra4 Kg6 37. Ra6+ Kf5 38. Kd1 Kf4 39.
Kc1 Kxf3 40. Kb1 Rb2+ 41. Ka1 Rb3 42. Rxh6 Kg2 43. h4 gxh4 44. Rxh4 f5 45. Ka2
Rf3 46. Rh7 f4 47. Rf7 Rf1 48. Kxa3 f3 49. Kb2 Rd1 50. Kc2 Rd5 51. Rg7+ Kf1 52.
Rf7 f2 53. Kc1 Ke2 54. Re7+ Kf3 55. Rf7+ Ke3 56. Re7+ Kf4 57. Rf7+ Rf5 58.
Rxf5+ Kxf5 0-1

[Event "Team B15 chess final 2018"]
[Site "Sochi"]
[Date "2018.05.01"]
[Round "1.1"]
[White "Ril, Evgeny"]
[Black "Stukan, Martin"]
[Result "0-1"]
[WhiteElo "1754"]
[BlackElo "2213"]
[PlyCount "66"]
[EventDate "2018.05.01"]
[BlackTeam "Ð¡Ð¨ "]

1. e4 c5 2. Nf3 d6 3. d4 cxd4 4. Qxd4 Nf6 5. e5 Nc6 6. Bb5 Qa5+ 7. Nc3 Qxb5 8.
Nxb5 Nxd4 9. Nbxd4 dxe5 10. Nxe5 Nd5 11. c4 Nc7 12. O-O f6 13. Nd3 e5 14. Re1
Kf7 15. Nb3 Bf5 16. Ndc5 b6 17. Ne4 Na6 18. f4 Nb4 19. Re2 Rd8 20. fxe5 Rd1+
21. Kf2 Nd3+ 22. Kg3 Nxe5 23. c5 bxc5 24. Nexc5 Bd6 25. Nb7 Bb8 26. Bf4 Rd3+
27. Re3 g5 28. Rxd3 gxf4+ 29. Kxf4 Bxd3 30. Ke3 Bf5 31. Rf1 Bc8 32. N7c5 Rd8
33. Ne4 Ng4+ 0-1

[Event "Team B15 chess final 2018"]
[Site "Sochi"]
[Date "2018.05.01"]
[Round "1.2"]
[White "Tsvetkov, Andrey"]
[Black "Tsybulkin, Ivan"]
[Result "1-0"]
[WhiteElo "2216"]
[BlackElo "1814"]
[PlyCount "47"]
[EventDate "2018.05.01"]
[WhiteTeam "Ð¡Ð¨ "]

1. d4 d5 2. c4 Bf5 3. cxd5 Bxb1 4. Qa4+ c6 5. Rxb1 Qxd5 6. Nf3 Nd7 7. a3 g6 8.
Qc2 Ngf6 9. e3 Bg7 10. Bc4 Qd6 11. Qb3 O-O 12. Qxb7 c5 13. Qa6 Qc7 14. O-O cxd4
15. exd4 Rac8 16. Bd3 Nd5 17. Bg5 h6 18. Bh4 Qb6 19. Qa4 N7f6 20. Rfe1 e6 21.
Ba6 Rc6 22. Ne5 Rd6 23. Bf1 Nd7 24. Nxd7 1-0

[Event "Team B15 chess final 2018"]
[Site "Sochi"]
[Date "2018.05.01"]
[Round "1.3"]
[White "Bratov, Ademir"]
[Black "Girshgorn, Leonid"]
[Result "0-1"]
[WhiteElo "1627"]
[BlackElo "1886"]
[PlyCount "62"]
[EventDate "2018.05.01"]
[BlackTeam "Ð¡Ð¨ "]

1. e4 c6 2. d4 d5 3. e5 Bf5 4. h4 Qb6 5. Be2 h5 6. c3 e6 7. Nh3 c5 8. Qa4+ Nc6
9. Bb5 Rc8 10. Nf4 Be7 11. Be3 c4 12. b4 f6 13. Nd2 a6 14. Bxc6+ bxc6 15. Nf3
Kf7 16. O-O Bg4 17. Qc2 Bf5 18. Qd2 Nh6 19. exf6 gxf6 20. Nxd5 cxd5 21. Bxh6
Rcg8 22. Bf4 Be4 23. Qe3 Bd6 24. Bg3 Qc7 25. Rae1 Ke7 26. Bxd6+ Qxd6 27. Re2
Rg4 28. g3 Rhg8 29. Kh2 Rxg3 30. fxg3 Qxg3+ 31. Kh1 Qh3+ 0-1

[Event "Team B15 chess final 2018"]
[Site "Sochi"]
[Date "2018.05.01"]
[Round "1.4"]
[White "Dunaev, Denis"]
[Black "Druchenko, Mikhail"]
[Result "1/2-1/2"]
[WhiteElo "1823"]
[BlackElo "1822"]
[PlyCount "58"]
[EventDate "2018.05.01"]
[WhiteTeam "Ð¡Ð¨ "]

1. Nf3 f5 2. d3 Nc6 3. d4 d5 4. Bf4 Nf6 5. e3 e6 6. c4 Be7 7. Nc3 O-O 8. cxd5
exd5 9. Bb5 Nb8 10. O-O c6 11. Bd3 Ne4 12. Bxb8 Rxb8 13. Ne5 Bd6 14. f4 Be6 15.
Na4 Qe7 16. Rc1 Rbc8 17. Bxe4 dxe4 18. Nc5 Bd5 19. a3 b6 20. Na4 Qe6 21. Nc3
Bb3 22. Qh5 c5 23. Ne2 Qd5 24. Nc3 Qe6 25. Ne2 Qd5 26. Nc3 Qe6 27. Ne2 Qd5 28.
Nc3 Qe6 29. Ne2 Qd5 1/2-1/2

[Event "Team B15 chess final 2018"]
[Site "Sochi"]
[Date "2018.05.01"]
[Round "1.1"]
[White "Tsoi, Dmitry"]
[Black "Kuznetsov, Sergey"]
[Result "1-0"]
[WhiteElo "2348"]
[BlackElo "1708"]
[PlyCount "120"]
[EventDate "2018.05.01"]

1. Nf3 e6 2. g3 f5 3. Bg2 Nf6 4. O-O Be7 5. c4 O-O 6. b3 d6 7. Bb2 e5 8. d3 Nc6
9. Nc3 Qe8 10. Nd2 Be6 11. a3 a5 12. Nd5 Bxd5 13. cxd5 Nb8 14. Rc1 Na6 15. Nc4
b6 16. Qc2 Qb5 17. Ne3 g6 18. Qc4 Qxc4 19. Rxc4 Nd7 20. g4 f4 21. Nc2 Bf6 22.
b4 Rfe8 23. e3 Bg5 24. Bc1 b5 25. Rc6 fxe3 26. Bxe3 Bxe3 27. fxe3 a4 28. g5 Rf8
29. d4 Rxf1+ 30. Bxf1 exd4 31. exd4 Ra7 32. Bxb5 Nab8 33. Rc3 Nb6 34. Re3 Kf7
35. Rf3+ Kg7 36. Ne3 N8d7 37. Ng4 Ra8 38. Re3 Nxd5 39. Bxd7 Nxe3 40. Nxe3 Rf8
41. Bxa4 Rf3 42. Nd5 Rxa3 43. Bc6 Ra7 44. b5 Kf7 45. Bd7 Rb7 46. Kf2 Ra7 47.
Ke3 Rb7 48. Ke4 Ra7 49. h4 Rb7 50. Nb4 Ke7 51. Bc6 Ra7 52. Kd5 Ra1 53. Na6 Kd8
54. Ke6 Rf1 55. b6 cxb6 56. Kxd6 Rf4 57. d5 Rxh4 58. Nc7 h6 59. Bd7 Re4 60.
Ne6+ Rxe6+ 1-0

[Event "Team B15 chess final 2018"]
[Site "Sochi"]
[Date "2018.05.01"]
[Round "1.2"]
[White "Matushchak, Nikita"]
[Black "Murzin, Volodar"]
[Result "0-1"]
[WhiteElo "1737"]
[BlackElo "2302"]
[PlyCount "98"]
[EventDate "2018.05.01"]

1. e4 c5 2. d4 cxd4 3. c3 d3 4. Bxd3 d6 5. Nf3 Nc6 6. h3 Nf6 7. O-O g6 8. c4
Bg7 9. Nc3 O-O 10. Be3 Nd7 11. Rc1 Nde5 12. Nxe5 dxe5 13. Bb1 Nd4 14. Kh1 b6
15. f4 exf4 16. Bxf4 Bb7 17. Qe1 Rc8 18. b3 e5 19. Be3 Kh8 20. Nd5 Rc6 21. Bxd4
exd4 22. Rc2 Be5 23. Qd1 Kg7 24. Rcf2 Bc8 25. Nb4 Rc7 26. Nd3 Bg3 27. Rd2 Qg5
28. Nf2 Be5 29. Nd3 f6 30. Nxe5 fxe5 31. Rdf2 Rcf7 32. Rxf7+ Rxf7 33. Rxf7+
Kxf7 34. Qf1+ Kg7 35. Bd3 Qd2 36. Qe2 Qc1+ 37. Kh2 a5 38. Qc2 Qa3 39. Be2 Qf8
40. Bd3 Bb7 41. Kg1 Qf4 42. Kh1 Kh6 43. Qe2 Kg5 44. Qe1 Qe3 45. Qd1 h5 46. Qb1
Kf4 47. Qf1+ Kg3 48. Qd1 Qf2 49. Bf1 Bxe4 0-1

[Event "Team B15 chess final 2018"]
[Site "Sochi"]
[Date "2018.05.01"]
[Round "1.3"]
[White "Ter-Saakian, Grigorii"]
[Black "Derevschikov, Nikita"]
[Result "1/2-1/2"]
[WhiteElo "2066"]
[BlackElo "1593"]
[PlyCount "101"]
[EventDate "2018.05.01"]

1. d4 d6 2. e4 g6 3. Nc3 Bg7 4. Nge2 a6 5. g3 b5 6. a3 Bb7 7. Bg2 Nd7 8. O-O c5
9. Be3 Qc7 10. f4 e6 11. Qd2 Ne7 12. Rad1 Rd8 13. e5 d5 14. dxc5 Nxc5 15. Nd4
O-O 16. Qf2 Ne4 17. Nxe4 dxe4 18. Rd2 Rd7 19. Rfd1 Rfd8 20. Bh3 Nf5 21. Nxf5
exf5 22. Bb6 Rxd2 23. Rxd2 Rxd2 24. Bxc7 Rxf2 25. Kxf2 Kf8 26. Ke3 h5 27. Bf1
Ke8 28. Kd4 Kd7 29. Bb8 Bf8 30. c4 Kc6 31. b4 Bc8 32. cxb5+ axb5 33. Ba7 Be6
34. Be2 Be7 35. h4 Bd8 36. Bc5 Bb6 37. Bd1 Bc7 38. a4 bxa4 39. Bxa4+ Kb7 40.
Bb5 Bb6 41. Be2 Bxc5+ 42. Kxc5 Kc7 43. b5 Kb7 44. b6 Bb3 45. Bb5 Bd1 46. Bc6+
Kb8 47. Kd4 Bb3 48. Kc3 Be6 49. Kd4 Bb3 50. Kc3 Bd1 51. Kd4 1/2-1/2

[Event "Team B15 chess final 2018"]
[Site "Sochi"]
[Date "2018.05.01"]
[Round "1.4"]
[White "Maisakov, Mikhail"]
[Black "Chertkov, Maksim"]
[Result "0-1"]
[WhiteElo "1561"]
[BlackElo "1586"]
[PlyCount "105"]
[EventDate "2018.05.01"]

1. e4 e5 2. Nf3 Nc6 3. Bb5 Nf6 4. d3 d6 5. O-O a6 6. Ba4 b5 7. Bb3 Na5 8. c4
Nxb3 9. axb3 Bb7 10. Re1 Be7 11. Nbd2 c5 12. Nf1 O-O 13. Ng3 g6 14. Qd2 Re8 15.
h4 Bf8 16. h5 Ng4 17. Qe2 Bg7 18. Ng5 Nh6 19. Bd2 Qc8 20. b4 Qg4 21. Qxg4 Nxg4
22. Ra5 Bf8 23. Rea1 bxc4 24. dxc4 cxb4 25. Bxb4 Be7 26. Nh3 Rab8 27. Bc3 Bh4
28. hxg6 fxg6 29. Nf1 Bd8 30. R5a2 Bb6 31. b3 Rf8 32. Nh2 Nf6 33. Nf3 Nxe4 34.
Be1 h6 35. Nh2 Bd4 36. Rb1 g5 37. Kh1 Bc8 38. f3 Nc5 39. b4 Nd3 40. b5 axb5 41.
cxb5 Bd7 42. Ra6 Bc5 43. b6 Bc8 44. Ra7 Rxb6 45. Rxb6 Bxb6 46. Ra1 Be3 47. Ng4
Bxg4 48. fxg4 Rf1+ 49. Kh2 Nxe1 50. Kg3 Bf4+ 51. Nxf4 exf4+ 52. Kh2 Nf3+ 53.
Kh3 0-1

[Event "Team B15 chess final 2018"]
[Site "Sochi"]
[Date "2018.05.01"]
[Round "1.1"]
[White "Sargsyan, Anatoly"]
[Black "Makarian, Rudik"]
[Result "0-1"]
[WhiteElo "1650"]
[BlackElo "2378"]
[PlyCount "76"]
[EventDate "2018.05.01"]

1. c4 g6 2. Nc3 Bg7 3. g3 Nf6 4. Bg2 O-O 5. e4 c5 6. Nge2 Nc6 7. d3 d6 8. O-O
a6 9. Rb1 Rb8 10. a4 Ne8 11. Be3 Nc7 12. d4 cxd4 13. Nxd4 Bd7 14. Qd2 Ne5 15.
b3 Ng4 16. Bg5 h6 17. h3 hxg5 18. hxg4 Bxg4 19. Nd5 Nxd5 20. exd5 Qd7 21. Rfe1
Bf6 22. Nf3 Bxf3 23. Bxf3 Kg7 24. Kg2 g4 25. Be2 Be5 26. Rh1 Rh8 27. Rxh8 Rxh8
28. Rh1 Rxh1 29. Kxh1 Qf5 30. Bd3 Qf3+ 31. Kh2 Bd4 32. Qe2 Qxf2+ 33. Qxf2 Bxf2
34. Kg2 Be1 35. b4 Bxb4 36. Kf1 f5 37. Ke2 Kf6 38. Ke3 Be1 0-1

[Event "Team B15 chess final 2018"]
[Site "Sochi"]
[Date "2018.05.01"]
[Round "1.2"]
[White "Zhuk, Kirill"]
[Black "Kamaev, Dzhabrail"]
[Result "0-1"]
[WhiteElo "2002"]
[BlackElo "1956"]
[PlyCount "172"]
[EventDate "2018.05.01"]

1. e4 e5 2. Nf3 Nc6 3. Bc4 Bc5 4. c3 Nf6 5. d4 exd4 6. e5 d5 7. Bb5 Ne4 8. cxd4
Bb4+ 9. Bd2 Nxd2 10. Nbxd2 Bd7 11. Bxc6 Bxc6 12. a3 Be7 13. O-O O-O 14. Rc1 Bd7
15. h3 c6 16. Nh2 f6 17. f4 fxe5 18. fxe5 Qb6 19. Ndf3 Qxb2 20. Rb1 Qxa3 21.
Rxb7 Bc8 22. Rc7 Ba6 23. Rf2 Bb5 24. Qb1 a5 25. Ng4 Rab8 26. Qa2 a4 27. Qxa3
Bxa3 28. Ng5 Rxf2 29. Kxf2 Rf8+ 30. Kg3 h6 31. Ne6 Rf7 32. Rc8+ Kh7 33. Ra8 Bb4
34. Ne3 Be7 35. Nc2 Bd3 36. Ne1 Bb5 37. Nc2 Kg6 38. Nc5 Bxc5 39. dxc5 Kf5 40.
Re8 Ke4 41. e6 Rf6 42. e7 Re6 43. Kf2 Ke5 44. Ke3 Kf6+ 45. Kf4 Re4+ 46. Kf3 Kf7
47. Ra8 Kxe7 48. Ne3 Kf6 49. Ng4+ Kg6 50. Ne3 Rb4 51. Kf2 Rb3 52. Nd1 Rb1 53.
Ke1 Rc1 54. Kd2 Rxc5 55. Nb2 d4 56. Nxa4 Bxa4 57. Rxa4 Rd5 58. Ra6 Rd6 59. Kd3
Kf5 60. Ra7 g5 61. Rf7+ Ke5 62. g3 Rf6 63. Re7+ Kd6 64. Rh7 c5 65. Ke4 Re6+ 66.
Kd3 Kc6 67. Kc4 Rd6 68. Kd3 Kd5 69. Rc7 Re6 70. Rd7+ Kc6 71. Rh7 Re3+ 72. Kd2
Rxg3 73. Rxh6+ Kd5 74. h4 Rg2+ 75. Kd1 gxh4 76. Rxh4 Kc4 77. Kc1 Kc3 78. Rh1 d3
79. Rf1 c4 80. Rh1 Kb3 81. Rd1 d2+ 82. Kb1 c3 83. Ka1 c2 84. Rxd2 Rg1+ 85. Rd1
c1=Q+ 86. Rxc1 Rxc1# 0-1

[Event "Team B15 chess final 2018"]
[Site "Sochi"]
[Date "2018.05.01"]
[Round "1.4"]
[White "Larichev, Prokhor"]
[Black "Kalaychev, Nodis"]
[Result "1-0"]
[WhiteElo "1772"]
[BlackElo "1525"]
[PlyCount "103"]
[EventDate "2018.05.01"]

1. e4 g6 2. d4 d6 3. Nc3 Bg7 4. Be3 Nf6 5. f3 O-O 6. Qd2 Nbd7 7. O-O-O b6 8. g4
Bb7 9. h4 c5 10. Bc4 Rc8 11. Be2 a6 12. h5 b5 13. d5 Qa5 14. Bh6 b4 15. Nb1
Qxa2 16. Bxg7 Kxg7 17. hxg6 fxg6 18. Qh6+ Kf7 19. g5 Ng8 20. Qxh7+ Ke8 21.
Qxg6+ Kd8 22. f4 c4 23. c3 a5 24. Qg7 Kc7 25. Qd4 Nb6 26. f5 Ba6 27. Rh3 Kb7
28. Qd2 b3 29. Nf3 Qa1 30. f6 exf6 31. Rh7+ Ka8 32. Qd4 Rb8 33. g6 Rfe8 34. Rc7
Rec8 35. Rxc8 Nxc8 36. Bxc4 Bb7 37. Rh1 Nce7 38. g7 Ng6 39. Bxb3 Ba6 40. Qa4
Qxa4 41. Bxa4 Bd3 42. Nbd2 Rc8 43. Rg1 N8e7 44. Nd4 Rg8 45. Ne6 Ne5 46. Bc2 Be2
47. Bd1 Bxd1 48. Rxd1 N7g6 49. Rh1 Nd3+ 50. Kc2 Ndf4 51. Nxf4 Nxf4 52. Rh8 1-0

[Event "Team B15 chess final 2018"]
[Site "Sochi"]
[Date "2018.05.01"]
[Round "1.1"]
[White "Kharitonov, Egor"]
[Black "Kopylov, Artem"]
[Result "1-0"]
[WhiteElo "2045"]
[BlackElo "1696"]
[PlyCount "71"]
[EventDate "2018.05.01"]

1. d4 Nf6 2. c4 g6 3. Nc3 Bg7 4. e4 d6 5. h3 O-O 6. Be3 e5 7. d5 Nbd7 8. Bd3 c6
9. Nge2 cxd5 10. cxd5 Ne8 11. g4 a6 12. Qd2 b5 13. Rc1 Nb6 14. b3 f5 15. gxf5
gxf5 16. exf5 Nf6 17. Rg1 Rf7 18. Ng3 b4 19. Nce4 Nxe4 20. Bxe4 Nd7 21. Qxb4
Nf6 22. Bg5 Qf8 23. Rc6 Bd7 24. Rc7 Nxe4 25. Nxe4 Bxf5 26. Rxf7 Qxf7 27. Nxd6
Qg6 28. Rg3 Rf8 29. Be7 Bg4 30. Qe4 Qh6 31. Qe3 Qg6 32. Rxg4 Qb1+ 33. Ke2 Qc2+
34. Kf1 Qd1+ 35. Kg2 Qxd5+ 36. Qe4 1-0

[Event "Team B15 chess final 2018"]
[Site "Sochi"]
[Date "2018.05.01"]
[Round "1.2"]
[White "Kuznetsova, Olga"]
[Black "Kuzmin, Roman"]
[Result "0-1"]
[WhiteElo "1439"]
[BlackElo "1950"]
[PlyCount "86"]
[EventDate "2018.05.01"]

1. e4 e5 2. Nf3 Nc6 3. Bb5 a6 4. Ba4 d6 5. c3 Bd7 6. d3 Nf6 7. O-O g6 8. Bg5 h6
9. Be3 Bg7 10. h3 O-O 11. Qd2 Kh7 12. Nh2 d5 13. f3 b5 14. Bb3 Be6 15. Ng4 Nxg4
16. fxg4 d4 17. Bf2 Qd6 18. Bc2 Rad8 19. Qe2 f5 20. gxf5 gxf5 21. exf5 Bxf5 22.
Nd2 Qg6 23. Bh4 dxc3 24. Bxd8 Nd4 25. Qf2 cxd2 26. Be7 Rf7 27. Bb3 Rxe7 28.
Qxd2 Bxd3 29. Bf7 Qg3 30. Rf2 e4 31. Qe1 e3 32. Bg8+ Kxg8 33. Rf8+ Kxf8 34.
Qxg3 Ne2+ 35. Kh2 Nxg3 36. Kxg3 e2 37. Re1 Bxb2 38. Kh4 Bc3 39. Rg1 e1=Q+ 40.
Rxe1 Bxe1+ 41. Kg4 Rf7 42. g3 Be2+ 43. Kh4 Rf4# 0-1

[Event "Team B15 chess final 2018"]
[Site "Sochi"]
[Date "2018.05.01"]
[Round "1.3"]
[White "Garifullina, Leya"]
[Black "Kuznetsova, Yulia"]
[Result "1-0"]
[WhiteElo "2061"]
[BlackElo "1319"]
[PlyCount "35"]
[EventDate "2018.05.01"]

1. e4 c5 2. Nf3 e6 3. d4 cxd4 4. Nxd4 a6 5. Nc3 Qc7 6. g3 b5 7. Bg2 Bb7 8. O-O
g6 9. Re1 Bg7 10. a4 b4 11. Nd5 exd5 12. exd5+ Ne7 13. Nf5 gxf5 14. d6 Qc8 15.
Rxe7+ Kd8 16. Be3 Qc4 17. Bxb7 Bxb2 18. Bb6+ 1-0

[Event "Team B15 chess final 2018"]
[Site "Sochi"]
[Date "2018.05.01"]
[Round "1.4"]
[White "Komaev, Tamerlan"]
[Black "Pingin, Artem"]
[Result "0-1"]
[WhiteElo "1184"]
[BlackElo "1972"]
[PlyCount "168"]
[EventDate "2018.05.01"]

1. e4 c5 2. Nf3 e6 3. d4 cxd4 4. Nxd4 Nf6 5. Nc3 d6 6. g3 a6 7. Bg2 Be7 8. O-O
O-O 9. Nce2 e5 10. Nf5 Bxf5 11. exf5 Nc6 12. Nc3 Qd7 13. g4 Rac8 14. Be3 Bd8
15. h3 Ba5 16. Nd5 Nxd5 17. Qxd5 Bd8 18. c3 Be7 19. Rad1 Qc7 20. Rfe1 Kh8 21.
Qb3 b5 22. Qd5 Na5 23. f6 Bxf6 24. Qxd6 Qxd6 25. Rxd6 Nc4 26. Rxa6 Nxb2 27. Ra3
e4 28. Bxe4 Na4 29. Bd4 Nxc3 30. Bxf6 gxf6 31. Bf5 Rc7 32. Kf1 b4 33. Rb3 Nxa2
34. Rb2 Nc3 35. Rxb4 Nd5 36. Rd4 Ne7 37. Bd3 Ng6 38. Rd6 Kg7 39. Rb1 Nf4 40. h4
Rc3 41. Rd1 Rb8 42. h5 h6 43. Bf5 Rb2 44. R6d4 Rh3 45. Be4 Rh4 46. Bf3 Ne6 47.
R4d3 Ng5 48. Kg2 Nxf3 49. Kxf3 f5 50. gxf5 Rxh5 51. Kg4 Rg5+ 52. Kf3 Rxf5+ 53.
Kg3 Rfxf2 54. Rg1 Rf6 55. Kh3+ Rg6 56. Rf1 Rb5 57. Rd4 Rh5+ 58. Rh4 Rxh4+ 59.
Kxh4 Rg5 60. Rf2 Kg6 61. Rf3 f5 62. Rf2 Rg4+ 63. Kh3 Kg5 64. Rf1 h5 65. Rf2 f4
66. Rf3 h4 67. Kh2 Rg3 68. Rf2 Kg4 69. Kh1 f3 70. Kh2 h3 71. Kh1 Kf4 72. Rf1
Rg6 73. Kh2 Ke3 74. Kxh3 f2 75. Rxf2 Kxf2 76. Kh4 Kf3 77. Kh5 Rg4 78. Kh6 Kf4
79. Kh5 Kf5 80. Kh6 Rg5 81. Kh7 Rg6 82. Kh8 Kf6 83. Kh7 Kf7 84. Kh8 Rh6# 0-1

[Event "Team B15 chess final 2018"]
[Site "Sochi"]
[Date "2018.05.01"]
[Round "1.1"]
[White "Balayan, Eduard"]
[Black "Mochalin, Faddey"]
[Result "0-1"]
[WhiteElo "1387"]
[BlackElo "2077"]
[PlyCount "66"]
[EventDate "2018.05.01"]

1. e4 c5 2. Nf3 a6 3. d3 Nc6 4. Be3 g6 5. Nc3 d6 6. g3 Bg7 7. Bg2 e5 8. O-O
Nge7 9. Nd2 O-O 10. f4 Nd4 11. Bxd4 cxd4 12. Ne2 f5 13. a4 Be6 14. Nc1 Rc8 15.
Re1 Qc7 16. exf5 Nxf5 17. Nf1 b6 18. Re2 Rce8 19. Qe1 Bf7 20. g4 Ne3 21. Nxe3
dxe3 22. fxe5 Bxe5 23. c3 d5 24. Bh1 d4 25. c4 Be6 26. Rg2 Rf2 27. Rxf2 exf2+
28. Qxf2 Bf4 29. Qe2 Be3+ 30. Kg2 Rf8 31. Nb3 Bxg4 32. Qe1 Bf3+ 33. Kh3 Qd7+
0-1

[Event "Team B15 chess final 2018"]
[Site "Sochi"]
[Date "2018.05.01"]
[Round "1.2"]
[White "Bobkov, Vadim"]
[Black "Korobchenko, Yuri"]
[Result "1-0"]
[WhiteElo "1933"]
[BlackElo "1470"]
[PlyCount "73"]
[EventDate "2018.05.01"]

1. d4 Nf6 2. c4 e6 3. Nf3 b6 4. g3 Ba6 5. b3 c6 6. Bg2 d5 7. Nbd2 Nbd7 8. O-O
Bd6 9. Bb2 Qe7 10. Re1 e5 11. e4 dxc4 12. bxc4 c5 13. d5 O-O 14. a4 Ne8 15. Qc2
g6 16. Bh3 Bc8 17. Re2 Ng7 18. Ne1 g5 19. Nd3 h5 20. f4 g4 21. Bg2 a6 22. h3
Rb8 23. hxg4 hxg4 24. Bf1 f5 25. Rae1 exf4 26. e5 f3 27. Rh2 Bc7 28. Qc3 Bd8
29. Nf4 Qe8 30. Kf2 Bg5 31. Nxf3 gxf3 32. Qxf3 b5 33. Qh1 Bxf4 34. Rh8+ Kf7 35.
e6+ Kg6 36. Qh7+ Kg5 37. gxf4+ 1-0

[Event "Team B15 chess final 2018"]
[Site "Sochi"]
[Date "2018.05.01"]
[Round "1.3"]
[White "Zhugin, Nikolay"]
[Black "Petrovsky, Nikita"]
[Result "1/2-1/2"]
[WhiteElo "1352"]
[BlackElo "1880"]
[PlyCount "144"]
[EventDate "2018.05.01"]

1. c4 e6 2. g3 d5 3. Bg2 Nf6 4. cxd5 exd5 5. Nf3 Bd6 6. d3 O-O 7. O-O Bg4 8.
Bg5 h6 9. Bxf6 Qxf6 10. Qb3 Nd7 11. Qxb7 Rab8 12. Qc6 Ne5 13. Nxe5 Qxe5 14. Nc3
d4 15. Ne4 Bxe2 16. Rfe1 Rxb2 17. Nxd6 Qxd6 18. Qxd6 cxd6 19. Bf1 Bxf1 20. Kxf1
Rd2 21. Red1 Rc2 22. Re1 Rb8 23. Rab1 Rxb1 24. Rxb1 Rxa2 25. Rb4 Kf8 26. Rxd4
Ra6 27. Ke2 Ke7 28. Rb4 Rb6 29. Ra4 a6 30. Ke3 Kd7 31. Rg4 g6 32. Ra4 Kc6 33.
Ra5 Kb7 34. Rd5 Rc6 35. Ra5 Kb6 36. Ra2 Rc5 37. Kd4 a5 38. Rb2+ Rb5 39. Ra2 Kc6
40. Kc3 Kc5 41. Ra4 d5 42. h4 Kb6 43. Rf4 f5 44. f3 g5 45. hxg5 hxg5 46. Ra4
Rb1 47. Rd4 Kc5 48. Ra4 Kb5 49. Rd4 Rc1+ 50. Kb2 Rc5 51. Kb3 Kc6 52. Ra4 Kb6
53. Rd4 Kb5 54. Ka3 Kc6 55. Kb3 Rb5+ 56. Kc3 Kc5 57. Ra4 Kb6 58. Rd4 Kc6 59.
Ra4 Kc5 60. Kc2 d4 61. Rc4+ Kd5 62. Ra4 Rc5+ 63. Kd2 Ke5 64. Kd1 Rd5 65. Kd2
Kd6 66. Rc4 Ke5 67. Ra4 Rc5 68. Kd1 Kd5 69. Kd2 g4 70. f4 Kc6 71. Rxd4 Rd5 72.
Rc4+ Rc5 1/2-1/2

[Event "Team B15 chess final 2018"]
[Site "Sochi"]
[Date "2018.05.01"]
[Round "1.4"]
[White "Leukhin, Artem"]
[Black "Pashinin, Maxim"]
[Result "1-0"]
[WhiteElo "1656"]
[BlackElo "1248"]
[PlyCount "109"]
[EventDate "2018.05.01"]

1. e4 c5 2. Nf3 Nc6 3. c3 d6 4. d4 cxd4 5. cxd4 Nf6 6. Nc3 e6 7. Bf4 Be7 8. Bc4
O-O 9. O-O a6 10. a4 Bd7 11. Qe2 Na5 12. Ba2 Qb6 13. e5 dxe5 14. dxe5 Ng4 15.
h3 Nxf2 16. Be3 Nxh3+ 17. gxh3 Bc5 18. Bxc5 Qxc5+ 19. Qf2 Qxf2+ 20. Rxf2 Kh8
21. Rd1 Bc6 22. b4 Bxf3 23. Rxf3 Nc6 24. Re3 Nxb4 25. Rb1 Nxa2 26. Nxa2 Rfb8
27. a5 h5 28. Nc3 Kh7 29. Na4 g5 30. Nb6 Ra7 31. Rd1 Kg6 32. Rd7 Rf8 33. Rc3 f6
34. Rf3 f5 35. Re7 f4 36. Rxe6+ Kf5 37. Rf6+ Rxf6 38. exf6 Kxf6 39. Rc3 g4 40.
Rc8 f3 41. hxg4 hxg4 42. Rb8 Kf5 43. Nc8 g3 44. Nxa7 Kf4 45. Rxb7 Ke3 46. Re7+
Kf4 47. Re6 Kg4 48. Rxa6 Kh3 49. Rh6+ Kg4 50. a6 Kf4 51. Nb5 g2 52. Kf2 g1=Q+
53. Kxg1 Ke3 54. a7 Ke2 55. Rf6 1-0

[Event "Team B15 chess final 2018"]
[Site "Sochi"]
[Date "2018.05.02"]
[Round "2.1"]
[White "Makarian, Rudik"]
[Black "Grachev, Alexey"]
[Result "1/2-1/2"]
[WhiteElo "2378"]
[BlackElo "2220"]
[PlyCount "111"]
[EventDate "2018.05.01"]

1. Nf3 c5 2. g3 g6 3. Bg2 Bg7 4. O-O Nc6 5. c4 d6 6. Nc3 e6 7. e3 Nge7 8. d4
O-O 9. b3 cxd4 10. Nxd4 Nxd4 11. exd4 d5 12. Ba3 dxc4 13. bxc4 Re8 14. Rb1 Nf5
15. Bxb7 Bxb7 16. Rxb7 Qc8 17. Rb4 Nxd4 18. Nb5 Rd8 19. Nxd4 Rxd4 20. Qb3 a5
21. Ra4 Rb8 22. Qc2 Qc6 23. Rxa5 Rxc4 24. Qd3 Ra4 25. Rb1 Ra8 26. Rxa8+ Rxa8
27. Qd6 Qe8 28. Bc1 Rd8 29. Qc7 Rd1+ 30. Kg2 Bf8 31. Rb7 e5 32. Bh6 Rd8 33. Bg5
Rc8 34. Qd7 Qxd7 35. Rxd7 Rc6 36. Be3 Kg7 37. Rd5 Ra6 38. Rd2 Ra5 39. Rc2 Bd6
40. g4 f6 41. Rc6 Be7 42. Rc7 Kf8 43. Rc2 h5 44. gxh5 gxh5 45. Kh3 Kf7 46. Rc7
Ke6 47. Ra7 Rb5 48. a4 Rb3 49. Kg2 f5 50. a5 f4 51. Bb6 h4 52. f3 h3+ 53. Kxh3
Rxf3+ 54. Kg4 Rb3 55. Rb7 Bc5 56. Rh7 1/2-1/2